Thunderstorm influence on boundary layer winds /

Bibliographic Details
Main Author: Schmidt, Jill Marie, 1955-
Format: Thesis eBook
Language:English
Published: [Place of publication not identified] : [publisher not identified] ; 1986.
Subjects:
Online Access:Link to OAKTrust copy

MARC

Tag First Indicator Second Indicator Subfields
LEADER 00000cam a2200000 a 4500
001 in00000020461
005 20220103115018.0
007 cr unu a
008 870318s1986 xx a b 00010 eng d
035 |9 AAB3379AM 
035 |a (OCoLC)15337273 
040 |a SCA  |c SCA  |d TXA  |d UtOrBLW 
049 |a TXAZ [Also in] [Archives]  |c 1 [A10791765], 2 [A10791812] 
050 4 |a QC880.4.B65  |b S35 
099 |a 1986  |a Thesis  |a S352 
100 1 |a Schmidt, Jill Marie,  |d 1955- 
245 1 0 |a Thunderstorm influence on boundary layer winds /  |c by Jill Marie Schmidt. 
264 1 |a [Place of publication not identified] :  |b [publisher not identified] ;  |c 1986. 
300 |a ix, 38 leaves :  |b illustrations ;  |c 29 cm. 
336 |a text  |b txt  |2 rdacontent 
337 |a computer  |b c  |2 rdamedia 
338 |a online resource  |b cr  |2 rdacarrier 
500 |a "Major subject: Meteorology." 
500 |a Typescript (photocopy). 
500 |a Vita. 
502 |b M.S.  |c Texas A&M University  |d 1986. 
504 |a Bibliography: leaves 36-37. 
530 |a Also available online. 
650 0 |a Mesometeorology. 
650 0 |a Wind shear. 
650 4 |a Major meteorology. 
856 4 1 |u https://hdl.handle.net/1969.1/ETD-TAMU-1986-THESIS-S352  |z Link to OAKTrust copy  |t 0 
999 |a MARS 
999 f f |s 045f0e50-beca-3834-81b0-16f1b8c09675  |i 58d4c989-22e0-3320-9ce2-77abdd091dca  |t 0 
952 f f |p noncirc  |a Texas A&M University  |b J.J. Pickle Campus  |c High Density Repository  |s HDR  |d Remote Storage  |t 0  |e 1986 Thesis S352  |h Other scheme  |i computer -- online resource  |m A14839613706 
952 f f |a Texas A&M University  |b College Station  |c Electronic Resources  |s www_evans  |d Available Online  |t 0  |e 1986 Thesis S352  |h Other scheme 
998 f f |a 1986 Thesis S352  |t 0  |l Available Online 
998 f f |a 1986 Thesis S352  |t 0  |l Remote Storage